| 000 -LEADER |
| fixed length control field |
00708nam a22002537a 4500 |
| 001 - CONTROL NUMBER |
| control field |
8789 |
| 003 - CONTROL NUMBER IDENTIFIER |
| control field |
BD-DhUAP |
| 005 - DATE AND TIME OF LATEST TRANSACTION |
| control field |
20210203163216.0 |
| 008 - FIXED-LENGTH DATA ELEMENTS--GENERAL INFORMATION |
| fixed length control field |
210203s1994 enk |||| ||| 001 0 eng d |
| 020 ## - INTERNATIONAL STANDARD BOOK NUMBER |
| International Standard Book Number |
0421534109 |
| 040 ## - CATALOGING SOURCE |
| Original cataloging agency |
BD-DhUAP |
| Language of cataloging |
Eng |
| Transcribing agency |
BD-DhUAP |
| Modifying agency |
BD-DhUAP |
| 082 ## - DEWEY DECIMAL CLASSIFICATION NUMBER |
| Edition number |
23 |
| Classification number |
340.1 LLO |
| 100 ## - MAIN ENTRY--PERSONAL NAME |
| Personal name |
Lloyd, Dennis. |
| 245 ## - TITLE STATEMENT |
| Title |
Lloyd's introduction to jurisprudence / |
| Statement of responsibility, etc. |
Dennis Lloyd ; edited by M. D. A. Freeman. |
| 250 ## - EDITION STATEMENT |
| Edition statement |
6th ed. |
| 260 ## - PUBLICATION, DISTRIBUTION, ETC. |
| Place of publication, distribution, etc. |
London : |
| Name of publisher, distributor, etc. |
ELBS, |
| Date of publication, distribution, etc. |
c1994.. |
| 300 ## - PHYSICAL DESCRIPTION |
| Extent |
xxxv, 1384 pages ; |
| Dimensions |
24 cm. |
| 500 ## - GENERAL NOTE |
| General note |
Includes index. |
| 650 ## - SUBJECT ADDED ENTRY--TOPICAL TERM |
| Topical term or geographic name entry element |
Jurisprudence. |
| 650 ## - SUBJECT ADDED ENTRY--TOPICAL TERM |
| Topical term or geographic name entry element |
Law |
| Form subdivision |
Methodology. |
| 650 ## - SUBJECT ADDED ENTRY--TOPICAL TERM |
| Topical term or geographic name entry element |
Law |
| Form subdivision |
Philosophy. |
| 700 ## - ADDED ENTRY--PERSONAL NAME |
| Personal name |
Freeman, M. D. A. |
| 942 ## - ADDED ENTRY ELEMENTS (KOHA) |
| Source of classification or shelving scheme |
|
| Koha item type |
Book |